000 00554nam a2200205Ia 4500
005 20250923145658.0
008 008 250917s9999 xx 000 0 eng d
037 _aTextual
040 _aDSWL
_beng
_cDSWL
041 _aeng
_2eng
084 _aS:86, N79
_qDSWL
100 _aSumerton, O.
_9837861
245 0 _aTransactional game analysis
_c by O. Sumerton
260 _aNew Delhi
_bDelhi Manohar
_c1979
300 _axx,178 p.
365 _aINR
_b60
925 _g60
942 _cTEXL
_hS:86, N79
999 _c1454269
_d1454269